Les épices dans la cuisine - Statistiques

Statistiques générales
  • Ce quiz a été pris 145 fois
  • Le résultat moyen est 7 sur 15
Statistiques - réponses
Hint Réponse % Correct
Il fait éternuer Poivre
97%
Souvent confondu avec ↑ Curcuma
80%
Rhizome utilisé en boisson, avec une réputation aphrodisiaque Gingembre
60%
Epice rouge utilisée dans la cuisine hongroise comme pour la préparation du goulasch Paprika
58%
Epice est utilisée pour la préparation du curry Cumin
57%
Herbe de Provence utilisée dans la cuisine italienne,se marie très bien avec la sauce tomate Origan
53%
Fruit à coque, utilisé comme épice une fois râpé, qui rentre dans la composition du Coca-Cola Noix de Muscade
51%
Un gène fait 25% de la population trouve que la coriandre à le goût de ... Savon
45%
Fruit de certaines orchidées, possède un arome très prisé Vanille
37%
Fruit séché utilisé anciennement comme anesthésiant, on en trouve maintenant dans les soupes ou bouillons Clou de girofle
31%
Mélange d'épices maghrébin, utilise dans les tajines ou couscous Ras el Hanout
31%
Mélange d'épices mexicain principalement composé de piments rouges Chili
26%
Epice de forme particulière qui rentre dans la composition de différentes liqueurs (anisette, pastis, ouzo, sambuca, ...) Badiane
21%
Considérée comme "la reine des épices" en Inde, elle peut être utilisée pour parfumer certains desserts (riz au lait, ...) Cardamome
21%
Célèbre pâtisserie originaire de Belém qui utilise de la cannelle lors de sa confection Pastel de Nata
7%
Aucun quiz correspondant
Distribution des résultats
% des personnes avec chaque résultat
Percentile par nombre de réponses
Votre historique - résultats
Vous n’avez pas pris ce quiz